| 000 | 00789nam a22002175i 4500 | ||
|---|---|---|---|
| 001 | 166518 | ||
| 003 | ES-MaACL | ||
| 005 | 20250725063233.0 | ||
| 008 | 050915s1859 sp | |||||||| ||spa d | ||
| 040 |
_aCAM _bspa _cCAM |
||
| 080 | _a54:37.01 | ||
| 100 | 1 |
_aTorres Muñoz de Luna, Ramón, _d1822-1890 _eaut _9133329 |
|
| 245 | 1 | 0 |
_aPrograma del curso de química general / _cpor Ramón Torres Muñoz de Luna |
| 260 |
_aMadrid : _b[s.n.], _c1859 _e(Imp. de Manuel Álvarez) |
||
| 300 |
_a31 páginas ; _c22 cm. |
||
| 650 | 7 |
_aQuímica _2embne _916625 |
|
| 852 |
_aES-MaACL _cDEPOF _fEx-libris ms. de Gustavo Sáenz Díez y Cela _jT-851-F-11 _xHolandesa, conservando cub. original |
||
| 942 |
_2udc _cFOLLETOS _n0 |
||
| 999 |
_c166518 _d166518 |
||